00876nam a2200241 a 450000100060000000300080000600500170001400800390003103500190007004000320008904100080012108200280012910000270015724500730018426000550025730000600031260000270037265100490039970000270044894200120047599900170048795201300050426646BD-RjUL20211209051039.0140323s1981 ru af 000 0ceng a(BD-RjUL)26716 aDLCcDLCdDLCdBD-RjULbeng aeng00a914.70484219bHET 19811 aHerness, Chris.98187210aTo the Soviet Union in 1937 and now /cChris Herness, Cliff Herness. aMoscow :bNovosti Press Agency Pub. House,cc1981. a127 p., [16] p. of plates :bill. (some col.) ;c17 cm.10aHerness, Chris.981879 0aSoviet UnionxDescription and travel.9671931 aHerness, Cliff.981875 2ddccBK c26646d26646 00102ddc40728NFICaRUCLbRUCLcReadingd1986-03-23eUSSRl0o914.70484 HET 1981r2014-03-23 00:00:00tC-1w2014-03-23yBK